000 00389nam a2200145Ia 4500
008 230711s9999||||xx |||||||||||||| ||und||
041 _aENG
082 _a621
_bBO-B
100 _aOsepchuk ,John M
245 0 _aBiological effects of electromagnetic radiation
250 _a1st Ed.
260 _c1992
_aNew Delhi
_bPrentice-Hall of India Private Limited
650 _aPhysics
942 _cBK
999 _c2350
_d2350